00618 2200193 4500001002100000005001700021008004100038035002600079245008600105100002500191250002000216260004500236300004200281020001800323082001400341084002000355650003700375990001200412INLIS00000000000004420240612145212.0240612| ||| |  a 0010-06240000000004400aMetode Penelitian Sosial Pengertian Dan Pemakaian Praktis 1cI Gusti Ngurah Agung0 aI Gusti Ngurah Agung aCetakan pertama aJakarta :bGramedia Pustaka Utama,c1997 axi, 144 halaman ;cilustrasi ; 24 cm. a979-511-454-90 a361. 0072 a361. 0072 IGU m 0aResearch and Statistical Methods a0000046